000 00466nam a2200169Ia 4500
005 20250508151652.0
008 008 250505s9999 xx 000 0 eng d
037 _aPeriodicals
040 _aFEDL
_beng
_cFEDL
041 _aeng
_2eng
084 _qFEDL
245 0 _aPsychometrika: A journal devoted to the development of psychology as a quatitative rational science. Vols
260 _c1935
490 _vVol 1
942 _cCR
999 _c1331299
_d1331299